| 000 | 00919pam a2200277 a 4500 | ||
|---|---|---|---|
| 001 | 1801 | ||
| 005 | 20231002130514.0 | ||
| 020 | _a0064406768 (pbk.) | ||
| 040 |
_aDLC _cDLC _dDLC |
||
| 050 | 0 | 0 |
_aPZ7.B1985 _bSg 1997 |
| 082 | 0 | 0 |
_a[Fic] _220 |
| 100 | 1 |
_aBall, Duncan, _d1941- |
|
| 245 | 1 | 0 |
_aSelby speaks : _bmore adventures of a talking dog / _cby Duncan Ball ; illustrated by M.K. Brown. |
| 260 |
_aNew York : _bHarperTrophy, _c1997. |
||
| 300 |
_a100 pages : _billustrations ; _c20 cm. |
||
| 500 | _aSequel to: Selby. | ||
| 505 | _aK | ||
| 520 | _aSelby the talking dog continues his exploits and adventures while still attempting to keep his skill a secret. | ||
| 521 |
_a560
_bLexile |
||
| 521 |
_aK
_bRaz-Plus |
||
| 650 | 1 |
_aDogs _xFiction. |
|
| 650 | 1 | _aHumorous stories. | |
| 700 | 1 |
_aBrown, M. K. _q(Mary K.), _eillustrator |
|
| 906 |
_a7 _bcbc _corignew _d1 _eocip _f19 _gy-gencatlg |
||
| 942 |
_2ddc _cBK _n0 |
||
| 999 |
_c1801 _d1801 |
||